000 00832nam a2200253Ia 4500
003 OSt
005 20221005111205.0
006 a|||||r|||| 00| 0
007 ta
008 221004b |||||||| |||| 00| 0 hin d
020 _a8170559669 (hbk)
_c125
024 _a97990
037 _b569, 23/03/2009, Vani Prakashan
_cTextual
040 _aCRL
_cCRL
_bhin
041 _2hin
_ahin
082 _aY:1.27185, 152P2
100 _aवर्मा, विनोद
245 0 _aगढ़ छत्तीस
246 _aGaढ़ chhattīsa
260 _aनई दिल्ली
_bवाणी प्रकाशन भारत
_c2002
300 _a132पृ0
_ccm.
942 _hY:1.27185, 152P2
_cTEXL
_2cc
999 _c1021100
_d1021100